[Event "Cracovia 2008 op A"]
[Site "Krakow"]
[Date "2009.01.03"]
[Round "8.30"]
[White "Sadzikowski, Daniel"]
[Black "Kocwin, Bartosz"]
[Result "1-0"]
[WhiteElo "2178"]
[BlackElo "2260"]
[PlyCount "47"]
[EventDate "2008.??.??"]

1. e4 c5 2. Nf3 d6 3. d4 cxd4 4. Nxd4 Nf6 5. Nc3 a6 6. Be3 e6 7. f3 b5 8. Qd2
Nbd7 9. g4 h6 10. O-O-O b4 11. Nce2 d5 12. exd5 Nxd5 13. Nf4 Nxe3 14. Qxe3 Qb6
15. Bc4 Be7 16. Nfxe6 fxe6 17. Qe4 e5 18. Ne6 Bf6 19. Qxa8 Ke7 20. Kb1 Nb8 21.
Nf4 exf4 22. Rhe1+ Kf8 23. Qe4 Qc6 24. Qg6 1-0

[Event "Cracovia 2008 op A"]
[Site "Krakow"]
[Date "2009.01.03"]
[Round "8.31"]
[White "Machlowski, Slawomir"]
[Black "Ponizil, Cyril"]
[Result "0-1"]
[WhiteElo "2154"]
[BlackElo "2251"]
[PlyCount "78"]
[EventDate "2008.??.??"]

1. Nf3 c5 2. g3 b6 3. Bg2 Bb7 4. O-O Nf6 5. c4 e6 6. d3 Be7 7. Na3 O-O 8. Bd2
Nc6 9. Nc2 Qc7 10. Rc1 Rad8 11. h3 Qb8 12. Rb1 d5 13. b3 Qa8 14. Qc1 e5 15. Nh4
Rfe8 16. Bg5 h6 17. Bxh6 gxh6 18. Qxh6 Nh7 19. Bxd5 Bxh4 20. Bxf7+ Kh8 21. Qxh4
Rf8 22. Bg6 Rd7 23. f4 exf4 24. Rxf4 Rxf4 25. Qxf4 Qf8 26. Bf5 Rg7 27. Kh2 Qe7
28. e4 Ne5 29. Rd1 Ng5 30. h4 Ngf7 31. d4 cxd4 32. Rxd4 Qf6 33. Rd1 Nd6 34. Nd4
Bxe4 35. Ne6 Nf3+ 36. Kh1 Nxf5 37. Nxg7 N3xh4+ 38. Kh2 Qb2+ 39. Rd2 Qxd2+ 0-1

[Event "Cracovia 2008 op A"]
[Site "Krakow"]
[Date "2009.01.03"]
[Round "8.32"]
[White "Kupczyk, Edyta"]
[Black "Galazewski, Tomasz"]
[Result "0-1"]
[WhiteElo "2123"]
[BlackElo "2245"]
[PlyCount "74"]
[EventDate "2008.??.??"]

1. d4 Nf6 2. Nf3 g6 3. c4 Bg7 4. Nc3 O-O 5. Bg5 d6 6. e3 Nbd7 7. Be2 c6 8. O-O
Re8 9. Qc2 Qc7 10. Rfd1 e5 11. dxe5 dxe5 12. e4 Nc5 13. h3 a5 14. Be3 Nfd7 15.
Rd2 b6 16. Rad1 Bf8 17. b3 Ne6 18. Ng5 Ndc5 19. Nxe6 Nxe6 20. Bg4 Bb4 21. Bxe6
Bxe6 22. Re2 Rab8 23. Na4 f5 24. c5 b5 25. Nb2 fxe4 26. Qxe4 Bf5 27. Qh4 Rbd8
28. Rc1 Qf7 29. g4 Be6 30. Bg5 Rd5 31. Qg3 Bxc5 32. Nd3 Bd4 33. Rxc6 Qd7 34.
Rec2 e4 35. Rc7 exd3 36. Rxd7 dxc2 37. Rxd5 Bxd5 0-1

[Event "Cracovia 2008 op A"]
[Site "Krakow"]
[Date "2009.01.03"]
[Round "8.33"]
[White "Rudnicki, Milosz"]
[Black "Markowski, Piotr"]
[Result "0-1"]
[WhiteElo "2232"]
[BlackElo "2145"]
[PlyCount "86"]
[EventDate "2008.??.??"]

1. e4 c5 2. Nf3 Nc6 3. d4 cxd4 4. Nxd4 Nf6 5. Nc3 e5 6. Ndb5 d6 7. Bg5 a6 8.
Na3 b5 9. Nd5 Be7 10. Bxf6 Bxf6 11. c4 b4 12. Nc2 a5 13. g3 O-O 14. h4 Be6 15.
Bg2 Rc8 16. b3 Bxd5 17. exd5 Nd4 18. Nxd4 exd4 19. O-O Re8 20. Qd3 Qe7 21. Bf3
g6 22. h5 Qe5 23. hxg6 hxg6 24. a3 Qg5 25. axb4 axb4 26. Ra6 Kg7 27. Bg2 Rcd8
28. Rb6 Rh8 29. Rxb4 Rh7 30. Rd1 Rdh8 31. Qf3 Rh2 32. Rb6 Qe5 33. b4 R2h5 34.
c5 dxc5 35. bxc5 Rf5 36. Qd3 Qc7 37. Rc6 Qa5 38. Be4 Re5 39. Qxd4 Re6 40. Qc4
Rxc6 41. dxc6 Re8 42. Rd7 Qe1+ 43. Kh2 Rh8+ 0-1

[Event "Cracovia 2008 op A"]
[Site "Krakow"]
[Date "2009.01.03"]
[Round "8.34"]
[White "Shilov, Sergej"]
[Black "Hermanowicz, Dominika"]
[Result "1-0"]
[WhiteElo "2229"]
[BlackElo "2084"]
[PlyCount "85"]
[EventDate "2008.??.??"]

1. e4 c5 2. b3 Nc6 3. Bb2 e6 4. Nf3 d6 5. d4 cxd4 6. Nxd4 Nf6 7. Nxc6 bxc6 8.
e5 dxe5 9. Qxd8+ Kxd8 10. Bxe5 Bb4+ 11. c3 Ba5 12. Nd2 Bc7 13. Nc4 Ne8 14.
O-O-O+ Ke7 15. Bxc7 Nxc7 16. Ne5 c5 17. Bc4 f6 18. Nc6+ Kf7 19. f4 Re8 20. Rhe1
Kf8 21. Na5 Rb8 22. Nc6 Rb7 23. Kb2 a6 24. a4 Rb6 25. Na7 Ke7 26. a5 Rd6 27.
Rxd6 Kxd6 28. Rd1+ Ke7 29. Nc6+ Kf8 30. Na7 Ke7 31. Nc6+ Kf8 32. g3 h6 33. Ka3
g5 34. b4 cxb4+ 35. Kxb4 gxf4 36. gxf4 Kf7 37. Kc5 Na8 38. f5 Kg7 39. Rg1+ Kh7
40. fxe6 Bxe6 41. Bxa6 Nc7 42. Bd3+ Kh8 43. Kd6 1-0

[Event "Cracovia 2008 op A"]
[Site "Krakow"]
[Date "2009.01.03"]
[Round "8.35"]
[White "Kulon, Klaudia"]
[Black "Tofil, Borys"]
[Result "1-0"]
[WhiteElo "2228"]
[BlackElo "2132"]
[PlyCount "75"]
[EventDate "2008.??.??"]

1. e4 g6 2. d4 Bg7 3. Nc3 d6 4. f4 a6 5. a4 b6 6. Nf3 Bb7 7. Bd3 c5 8. d5 Nd7
9. Bc4 Qc7 10. Qe2 Nh6 11. O-O O-O 12. Bd2 Rfe8 13. Rad1 Nf8 14. Ng5 Kh8 15. e5
f6 16. Nf3 dxe5 17. fxe5 Nf7 18. e6 Nd6 19. Bf4 Qd8 20. Bxd6 Qxd6 21. Ne4 Qc7
22. Ra1 Rad8 23. Bb3 h6 24. c4 f5 25. Ng3 Bf6 26. Bc2 Nh7 27. Qd2 Ng5 28. Nh4
Rg8 29. Kh1 Be5 30. Ngxf5 gxf5 31. Nxf5 Rgf8 32. Nxh6 Bf4 33. Qe2 Qe5 34. Qg4
Nxe6 35. Ng8 Rxg8 36. Qh4+ Kg7 37. Qxe7+ Kh6 38. Qh7+ 1-0

[Event "Cracovia 2008 op A"]
[Site "Krakow"]
[Date "2009.01.03"]
[Round "8.36"]
[White "Jakubiec, Edyta"]
[Black "Drozdowski, Kacper"]
[Result "1-0"]
[WhiteElo "2214"]
[BlackElo "2039"]
[PlyCount "99"]
[EventDate "2008.??.??"]

1. e4 c5 2. Nf3 e6 3. d4 cxd4 4. Nxd4 a6 5. Bd3 g6 6. Nc3 Bg7 7. Nb3 Nc6 8. Bf4
Ne5 9. Be2 Ne7 10. Qd6 f6 11. O-O-O Nf7 12. Qd2 b6 13. Be3 O-O 14. f4 Qc7 15.
Bf3 Rb8 16. h4 Rd8 17. h5 f5 18. hxg6 hxg6 19. Bd4 Bb7 20. g4 fxg4 21. Bxg4 Bh6
22. Kb1 Qxf4 23. Qg2 Qg5 24. Qh3 Nc6 25. Bxb6 Nce5 26. Rdg1 Qf4 27. Bxd8 Rxd8
28. Nc5 Bc8 29. Bh5 Ng5 30. Qg2 Kg7 31. Be2 Qe3 32. Nd3 Nef7 33. Bd1 Rh8 34.
Re1 Qd4 35. Qg1 Qxg1 36. Rhxg1 d6 37. Bg4 Nh7 38. Ne2 Nf6 39. Nef4 Nxg4 40.
Rxg4 g5 41. e5 Rd8 42. Ne2 dxe5 43. Nc3 Kg6 44. Nxe5+ Nxe5 45. Rxe5 Kf6 46. Re1
e5 47. Rc4 Bb7 48. Rb4 Bc6 49. Rb6 Rc8 50. Nd5+ 1-0

[Event "Cracovia 2008 op A"]
[Site "Krakow"]
[Date "2009.01.03"]
[Round "8.37"]
[White "Zude, Erik"]
[Black "Hansen, Victor"]
[Result "1-0"]
[WhiteElo "2396"]
[BlackElo "2112"]
[PlyCount "57"]
[EventDate "2008.??.??"]

1. d4 d5 2. c4 c6 3. Nc3 Nf6 4. e3 a6 5. Nf3 b5 6. b3 Bg4 7. Be2 e6 8. O-O Bd6
9. Bb2 O-O 10. h3 Bh5 11. Ne5 Bxe2 12. Nxe2 dxc4 13. bxc4 Bxe5 14. dxe5 Nfd7
15. Ba3 c5 16. Qd6 b4 17. Bb2 a5 18. Rad1 Ra6 19. Qd3 Qc7 20. f4 Rc6 21. Ng3
Nb6 22. Ne4 N8d7 23. Rf3 Kh8 24. Rg3 g6 25. Rg4 Rb8 26. Nd6 Nf8 27. Qc2 a4 28.
f5 gxf5 29. Qxf5 1-0

[Event "Cracovia 2008 op A"]
[Site "Krakow"]
[Date "2009.01.03"]
[Round "8.38"]
[White "Kucypera, Malgorzata"]
[Black "Soozankar, A.M."]
[Result "0-1"]
[WhiteElo "2111"]
[BlackElo "2264"]
[PlyCount "76"]
[EventDate "2008.??.??"]

1. e4 e6 2. d4 d5 3. Nd2 c5 4. Ngf3 cxd4 5. exd5 Qxd5 6. Bc4 Qd6 7. O-O Nf6 8.
Nb3 Nc6 9. Nbxd4 Nxd4 10. Nxd4 a6 11. a4 Qc7 12. Qe2 Bd6 13. h3 O-O 14. Be3 b6
15. Rfd1 Bb7 16. c3 Nd5 17. Bb3 Nxe3 18. Qxe3 Rae8 19. Bc2 g6 20. Be4 Bc8 21.
Qe2 e5 22. Nc2 Kg7 23. Bd3 a5 24. Bb5 Rd8 25. Ne3 Qb8 26. Rd2 Be6 27. Bc4 Bc8
28. Bb5 f5 29. Nc4 Bc7 30. Rad1 Rxd2 31. Rxd2 Be6 32. Bc6 e4 33. Na3 Rd8 34. g3
Bxg3 35. Rxd8 Bh2+ 36. Kh1 Qxd8 37. Bxe4 Bb8 38. Bf3 Qd6 0-1

[Event "Cracovia 2008 op A"]
[Site "Krakow"]
[Date "2009.01.03"]
[Round "8.39"]
[White "Klim, Kamil"]
[Black "Demidowicz, Maria"]
[Result "0-1"]
[WhiteElo "2249"]
[BlackElo "2093"]
[PlyCount "108"]
[EventDate "2008.??.??"]

1. d4 Nf6 2. c4 g6 3. Nc3 Bg7 4. e4 O-O 5. Nf3 d6 6. Be2 e5 7. O-O Nc6 8. d5
Ne7 9. Ne1 Nd7 10. Be3 f5 11. f3 f4 12. Bf2 g5 13. Nd3 Ng6 14. c5 Nf6 15. Rc1
Rf7 16. cxd6 cxd6 17. Nb5 g4 18. fxg4 Nxe4 19. Bf3 Nxf2 20. Nxf2 Nh4 21. Kh1
Nxf3 22. Qxf3 a6 23. Na3 b5 24. Rc2 Bb7 25. Rfc1 Qb6 26. Rd1 Rc7 27. Ne4 Rac8
28. Ng5 Qe3 29. Rxc7 Rxc7 30. Ne6 Rc1 31. Qf1 Rxd1 32. Qxd1 Bxd5 33. Ng5 Bb7
34. h3 h6 35. Nc2 Qc5 36. Nf3 e4 37. Nfd4 e3 38. Nf3 Be4 39. Nce1 d5 40. g5 Qc4
41. Kg1 hxg5 42. b3 e2 43. Qd2 Qc5+ 44. Kh1 Qe3 45. Qa5 Bxf3 46. Nxf3 Bf6 47.
Qxa6 e1=Q+ 48. Nxe1 Qxe1+ 49. Kh2 Qe5 50. Kg1 f3 51. Qc8+ Kh7 52. Qd7+ Kh6 53.
Qc6 Qd4+ 54. Kh1 f2 0-1

[Event "Cracovia 2008 op A"]
[Site "Krakow"]
[Date "2009.01.03"]
[Round "8.40"]
[White "Kumor, Lukasz"]
[Black "Tokarski, Bartosz"]
[Result "1/2-1/2"]
[WhiteElo "2105"]
[BlackElo "2249"]
[PlyCount "96"]
[EventDate "2008.??.??"]

1. e4 c5 2. Nf3 d6 3. d4 cxd4 4. Nxd4 Nf6 5. Nc3 a6 6. Be2 e5 7. Nb3 Be7 8. Be3
Be6 9. O-O O-O 10. Nd5 Nxd5 11. exd5 Bf5 12. a4 Nd7 13. Bd3 Bxd3 14. Qxd3 f5
15. f3 f4 16. Bf2 Bh4 17. a5 Bxf2+ 18. Rxf2 Qh4 19. Nd2 Rac8 20. b4 Nf6 21. c4
Rfe8 22. Ne4 Nxe4 23. Qxe4 Qd8 24. Rc2 b6 25. Qe1 bxa5 26. Rxa5 Qb6+ 27. c5
dxc5 28. bxc5 Qb3 29. Qd2 Red8 30. c6 Qb6+ 31. Kf1 Rxc6 32. Rxc6 Qxc6 33. dxc6
Rxd2 34. Rxa6 Rc2 35. Ra8+ Kf7 36. Ra7+ Kf6 37. c7 g6 38. Ke1 e4 39. fxe4 Ke5
40. Kd1 Rc6 41. Kd2 Kxe4 42. c8=Q Rxc8 43. Rxh7 Ra8 44. Re7+ Kf5 45. Ke2 Kg4
46. Kf2 Ra2+ 47. Re2 Ra5 48. Re8 Ra2+ 1/2-1/2

[Event "Cracovia 2008 op A"]
[Site "Krakow"]
[Date "2009.01.03"]
[Round "8.41"]
[White "Cechura, Petr"]
[Black "Vasylius, Kestutis"]
[Result "1-0"]
[WhiteElo "2249"]
[BlackElo "2105"]
[PlyCount "69"]
[EventDate "2008.??.??"]

1. e4 e5 2. Nf3 Nc6 3. d4 exd4 4. c3 d3 5. Bxd3 Bc5 6. O-O d6 7. Bg5 Nge7 8.
Nbd2 O-O 9. h3 Ne5 10. Be2 h6 11. Bh4 N5g6 12. Bg3 d5 13. Qc2 dxe4 14. Nxe4 Bb6
15. Rad1 Qe8 16. Bc4 Bf5 17. Rfe1 Qc6 18. Bd3 Rad8 19. Nh4 Bc8 20. b4 a6 21. a4
Ba7 22. b5 axb5 23. axb5 Qb6 24. c4 c5 25. Bd6 Rxd6 26. Nxd6 Nxh4 27. Rxe7 g6
28. Be4 Bb8 29. Nxc8 Rxc8 30. g3 Qf6 31. Rdd7 Rf8 32. gxh4 Qxh4 33. Bxg6 Qxh3
34. Bh7+ Kh8 35. Qb2+ 1-0

[Event "Cracovia 2008 op A"]
[Site "Krakow"]
[Date "2009.01.03"]
[Round "8.42"]
[White "Golek, Jagoda"]
[Black "Slabek, Grzegorz"]
[Result "1/2-1/2"]
[WhiteElo "2028"]
[BlackElo "2192"]
[PlyCount "112"]
[EventDate "2008.??.??"]

1. e4 d5 2. exd5 Nf6 3. d4 Nxd5 4. c4 Nb6 5. Be3 e5 6. Nc3 exd4 7. Qxd4 Qxd4 8.
Bxd4 Nc6 9. Be3 Be6 10. Bxb6 axb6 11. Rc1 Ne5 12. Nf3 Nxf3+ 13. gxf3 Bd6 14. a3
O-O-O 15. Be2 Rhe8 16. Ne4 Be5 17. Rc2 f5 18. Ng5 Bg8 19. Nh3 Rd4 20. Ng1 c5
21. Kf1 Red8 22. f4 Bxf4 23. Nf3 Re4 24. Kg2 g5 25. Rb1 g4 26. Ne1 Rd2 27. Bd3
Re5 28. Rxd2 Bxd2 29. Nc2 Kc7 30. Rd1 Bg5 31. b3 h5 32. a4 Be6 33. Na3 Bd7 34.
Nb5+ Kd8 35. Nc3 h4 36. Bf1 h3+ 37. Kg1 Ke8 38. Rd5 Re1 39. Rd1 Rxd1 40. Nxd1
Bd2 41. Bd3 f4 42. Be4 Bc8 43. Nb2 Kf7 44. Nd3 Kf6 45. Bd5 Bf5 46. Nb2 Bc2 47.
a5 Bxa5 48. Bxb7 Kg5 49. Bd5 Kf5 50. Bc6 Bxb3 51. Bd7+ Kg5 52. Be6 Bc2 53. Bd7
Bc3 54. Na4 Bd4 55. Nxb6 Bd3 56. Be6 Kh4 1/2-1/2

[Event "Cracovia 2008 op A"]
[Site "Krakow"]
[Date "2009.01.03"]
[Round "8.44"]
[White "Goslawski, Michal"]
[Black "Muc, Marcin"]
[Result "1/2-1/2"]
[WhiteElo "1902"]
[BlackElo "2139"]
[PlyCount "64"]
[EventDate "2008.??.??"]

1. d4 d5 2. Nf3 Nf6 3. c4 e6 4. g3 Be7 5. Bg2 O-O 6. O-O Nbd7 7. Qc2 c6 8. b3
b6 9. Nc3 Bb7 10. Rd1 Rc8 11. e4 dxe4 12. Ng5 h6 13. Ngxe4 Nxe4 14. Nxe4 Nf6
15. Bb2 Qc7 16. Nxf6+ Bxf6 17. c5 Rfd8 18. b4 b5 19. Qe4 Rd7 20. Rd3 Rcd8 21.
Bf1 Rd5 22. Rad1 g6 23. Bc1 g5 24. h4 Qe7 25. Be2 Bg7 26. hxg5 hxg5 27. g4 Qf6
28. Be3 Qh6 29. Qh1 Qxh1+ 30. Kxh1 Bf6 31. Bf3 R5d7 32. Be4 Ra8 1/2-1/2

[Event "Cracovia 2008 op A"]
[Site "Krakow"]
[Date "2009.01.03"]
[Round "8.45"]
[White "Picard, Romain"]
[Black "Musialkiewicz, Jan"]
[Result "1/2-1/2"]
[WhiteElo "2371"]
[BlackElo "2117"]
[PlyCount "87"]
[EventDate "2008.??.??"]

1. e4 c5 2. Nf3 e6 3. c4 Nc6 4. Nc3 e5 5. d3 d6 6. a3 Nge7 7. Nd5 a6 8. b4 Nxd5
9. exd5 Nd4 10. Be2 Nxf3+ 11. Bxf3 b6 12. O-O Be7 13. Rb1 O-O 14. Bd2 Qe8 15.
bxc5 bxc5 16. Rb6 f5 17. Bh5 g6 18. Be2 f4 19. Bf3 g5 20. Bg4 Qg6 21. Bxc8
Raxc8 22. Rb7 Rce8 23. Qe2 Bd8 24. Qe4 Qh5 25. f3 Re7 26. Rfb1 Qf7 27. Rb8 Ra7
28. g4 Bc7 29. Rxf8+ Kxf8 30. Kg2 Qg6 31. h4 Qxe4 32. dxe4 h6 33. Kf1 a5 34. a4
Kg7 35. hxg5 hxg5 36. Ke2 Kg6 37. Kd3 Kf7 38. Kc2 Kg6 39. Rh1 Kg7 40. Rb1 Kg6
41. Bc3 Kf7 42. Rh1 Kg7 43. Rh5 Bd8 44. Rh1 1/2-1/2

[Event "Cracovia 2008 op A"]
[Site "Krakow"]
[Date "2009.01.03"]
[Round "8.46"]
[White "Gawronski, Lukasz"]
[Black "Marzano, Carlo"]
[Result "1/2-1/2"]
[WhiteElo "2066"]
[BlackElo "2188"]
[PlyCount "76"]
[EventDate "2008.??.??"]

1. d4 d5 2. Bg5 h6 3. Bh4 c6 4. e3 Qb6 5. Qc1 e5 6. Nf3 e4 7. Nfd2 Ne7 8. Bxe7
Bxe7 9. c4 Be6 10. Nc3 O-O 11. c5 Qc7 12. b4 Nd7 13. b5 f5 14. bxc6 bxc6 15. g3
g5 16. Ne2 Nf6 17. Bh3 Qd7 18. f4 exf3 19. Nxf3 Ng4 20. O-O Qe8 21. Rb1 Qh5 22.
Bg2 Nxh2 23. Nxh2 Qxe2 24. Rb7 Bf6 25. Rf2 Qa6 26. Qb1 Bc8 27. Rc7 Bd8 28. Bf1
Qa4 29. Rxc8 Rxc8 30. Rxf5 Bf6 31. Ng4 Bg7 32. Bh3 Rxf5 33. Qxf5 Qd1+ 34. Kh2
Qe2+ 35. Kg1 Rb8 36. Nxh6+ Kh8 37. Nf7+ Kg8 38. Nh6+ Kh8 1/2-1/2

[Event "Cracovia 2008 op A"]
[Site "Krakow"]
[Date "2009.01.03"]
[Round "8.47"]
[White "Englert, Jan"]
[Black "Andrzejewska, Anna"]
[Result "1-0"]
[WhiteElo "2162"]
[BlackElo "2030"]
[PlyCount "39"]
[EventDate "2008.??.??"]

1. d4 d5 2. Nc3 Nf6 3. Bg5 e6 4. Nf3 Be7 5. Bxf6 Bxf6 6. e4 dxe4 7. Nxe4 Be7 8.
Bd3 Nd7 9. Qe2 O-O 10. O-O-O Nf6 11. Nxf6+ Bxf6 12. h4 Qd5 13. Kb1 g6 14. h5
Bg7 15. hxg6 hxg6 16. Rh4 c5 17. Bc4 Qd6 18. Rdh1 cxd4 19. Qd2 e5 20. Rh8+ 1-0

[Event "Cracovia 2008 op A"]
[Site "Krakow"]
[Date "2009.01.03"]
[Round "8.48"]
[White "Pietruszewski, Marcin"]
[Black "Szromba, Krzysztof"]
[Result "1-0"]
[WhiteElo "2027"]
[BlackElo "2158"]
[PlyCount "63"]
[EventDate "2008.??.??"]

1. e4 c5 2. Nf3 Nc6 3. d4 cxd4 4. Nxd4 Nf6 5. Nc3 e5 6. Ndb5 d6 7. Bg5 a6 8.
Bxf6 gxf6 9. Na3 b5 10. Nd5 f5 11. c3 Bg7 12. exf5 Bxf5 13. Nc2 Be6 14. Nce3
O-O 15. Bd3 f5 16. O-O Rc8 17. a4 e4 18. Nf4 Bd7 19. axb5 Ne5 20. Be2 Qg5 21.
Ned5 axb5 22. Ra6 Nf7 23. Ra7 Rfd8 24. Nh3 Qh4 25. Nb6 Be6 26. Nxc8 Rxc8 27.
Bxb5 f4 28. Bd7 Bxd7 29. Rxd7 Ne5 30. Qd5+ Kh8 31. Rc7 Rg8 32. Qxe4 1-0

[Event "Cracovia 2008 op A"]
[Site "Krakow"]
[Date "2009.01.03"]
[Round "8.49"]
[White "Iwanow, Anna"]
[Black "Skawinski, Arkadiusz"]
[Result "0-1"]
[WhiteElo "1961"]
[BlackElo "2154"]
[PlyCount "106"]
[EventDate "2008.??.??"]

1. e4 e6 2. d4 d5 3. Nc3 Nf6 4. e5 Ne4 5. Nxe4 dxe4 6. Bc4 a6 7. a4 b6 8. Nh3
c5 9. d5 Ra7 10. dxe6 Qxd1+ 11. Kxd1 Bxe6 12. Bxe6 fxe6 13. Ng5 Rd7+ 14. Ke2
Nc6 15. Nxe6 Ke7 16. Nxf8 Nd4+ 17. Kf1 Rxf8 18. c3 Nc2 19. Bg5+ Ke6 20. Rc1 e3
21. Rxc2 Rd1+ 22. Ke2 Rxh1 23. Kxe3 Rxh2 24. Bf4 Rxg2 25. Rd2 Rg6 26. Bg3 Kf5
27. Rd5 Kg4 28. a5 b5 29. Rxc5 h5 30. Rd5 Kh3 31. Rd1 Rc6 32. Rh1+ Kg4 33. Rh4+
Kg5 34. Rd4 Rh8 35. Kd3 Kf5 36. b3 g5 37. c4 bxc4+ 38. bxc4 h4 39. Bh2 Rc5 40.
Rd5 Rhc8 41. Rd6 R8c6 42. Rxc6 Rxc6 43. Kd4 Ke6 44. c5 Rc8 45. Kc4 g4 46. Kd4
Rd8+ 47. Ke3 Kf5 48. e6 Kxe6 49. c6 Rg8 50. Bf4 Kd5 51. c7 Kc6 52. Ke2 Kd7 53.
Kf1 Rf8 0-1

[Event "Cracovia 2008 op A"]
[Site "Krakow"]
[Date "2009.01.03"]
[Round "8.50"]
[White "Kuciel, Wladyslaw"]
[Black "Starczewska, Dominika"]
[Result "1-0"]
[WhiteElo "2142"]
[BlackElo "1842"]
[PlyCount "71"]
[EventDate "2008.??.??"]

1. d4 Nf6 2. c4 c5 3. Nf3 g6 4. Nc3 cxd4 5. Nxd4 Nc6 6. g3 Bg7 7. Bg2 O-O 8.
Nc2 d6 9. O-O a6 10. b3 Qc7 11. Bb2 Rd8 12. Ne3 e6 13. Rc1 Bd7 14. Qd2 Ne7 15.
Rfd1 Bc6 16. Ncd5 exd5 17. cxd5 Rac8 18. dxc6 bxc6 19. Bxc6 Qb8 20. Bg2 Rxc1
21. Rxc1 Qa7 22. Qa5 Re8 23. Rc7 Qb8 24. Rb7 Qc8 25. Qxa6 Nf5 26. Qc4 Qxc4 27.
Nxc4 Rxe2 28. Bf3 Re1+ 29. Kg2 h5 30. a4 Rb1 31. Bxf6 Bxf6 32. Be4 Rd1 33. Bxf5
gxf5 34. Rd7 Rb1 35. Rxd6 Be7 36. Rd7 1-0

[Event "Cracovia 2008 op A"]
[Site "Krakow"]
[Date "2009.01.03"]
[Round "8.51"]
[White "Wisniowska, Klaudia"]
[Black "Czarnecki, Wojciech"]
[Result "0-1"]
[WhiteElo "1988"]
[BlackElo "2132"]
[PlyCount "60"]
[EventDate "2008.??.??"]

1. e4 c6 2. d4 d5 3. exd5 cxd5 4. c4 Nf6 5. Nc3 e6 6. Nf3 Bb4 7. Qc2 Nc6 8. a3
Be7 9. Be3 O-O 10. Bd3 dxc4 11. Bxc4 a6 12. O-O b5 13. Bd3 Bb7 14. Ne4 Rc8 15.
Qb1 Nxe4 16. Bxe4 g6 17. Rd1 Na5 18. Bxb7 Nxb7 19. a4 b4 20. Qd3 Qa5 21. Ne5
Rfd8 22. Qe2 Rd5 23. h3 Nd6 24. Rdc1 Rxc1+ 25. Rxc1 Qxa4 26. Qf3 Qe8 27. Rc7
Nf5 28. Nc6 Bd6 29. Ra7 Qxc6 30. g4 Bb8 0-1

[Event "Cracovia 2008 op A"]
[Site "Krakow"]
[Date "2009.01.03"]
[Round "8.52"]
[White "Chrzaszcz, Malvina"]
[Black "Warakomska, Anna"]
[Result "1/2-1/2"]
[WhiteElo "2010"]
[BlackElo "2169"]
[PlyCount "88"]
[EventDate "2008.??.??"]

1. e4 c5 2. Nf3 d6 3. d4 cxd4 4. Nxd4 Nf6 5. Nc3 a6 6. Be2 e6 7. O-O Be7 8. f4
Qc7 9. Kh1 O-O 10. Qe1 Nc6 11. Be3 Nxd4 12. Bxd4 b5 13. a3 Bb7 14. Qg3 Rad8 15.
Rae1 Rfe8 16. Bd3 Rd7 17. Qh3 e5 18. Be3 Bc6 19. Rf3 Kh8 20. Ref1 Rdd8 21. fxe5
dxe5 22. Bg5 Bd7 23. Qh4 Be6 24. Rxf6 gxf6 25. Rxf6 Rxd3 26. cxd3 Qd8 27. Rh6
Bxg5 28. Rxh7+ Kg8 29. Rh8+ Kg7 30. Qh7+ Kf6 31. Rxe8 Qxe8 32. Nd5+ Bxd5 33.
Qf5+ Ke7 34. Qxe5+ Be6 35. Qxg5+ f6 36. Qc5+ Kf7 37. Qa7+ Qd7 38. Qe3 Qc7 39.
h4 Qc2 40. Qa7+ Kg6 41. Qxa6 Qc1+ 42. Kh2 Qf4+ 43. Kg1 Qe3+ 44. Kh2 Qf4+
1/2-1/2

[Event "Cracovia 2008 op A"]
[Site "Krakow"]
[Date "2009.01.03"]
[Round "8.53"]
[White "Pietrzak, Wojciech"]
[Black "Swiech, Przemyslaw"]
[Result "0-1"]
[WhiteElo "1912"]
[BlackElo "2119"]
[PlyCount "86"]
[EventDate "2008.??.??"]

1. e4 c5 2. c3 Nf6 3. e5 Nd5 4. g3 Nc6 5. Bg2 Nb6 6. f4 d6 7. exd6 Qxd6 8. Nf3
Bf5 9. d4 cxd4 10. cxd4 Rd8 11. Nc3 g6 12. O-O Bg7 13. Be3 Nc4 14. Qe2 Nxe3 15.
Qxe3 Bxd4 16. Nxd4 Qxd4 17. Qxd4 Rxd4 18. Rfe1 Be6 19. Nb5 Rd7 20. Rac1 a6 21.
Nc3 O-O 22. Na4 Rd2 23. Bxc6 bxc6 24. Nc5 Bd5 25. Rxe7 Rg2+ 26. Kf1 Rxh2 27.
Rce1 Rxb2 28. a4 a5 29. Nd7 Rd8 30. Nf6+ Kg7 31. Nxd5 Rxd5 32. Rc7 Rh5 33. Kg1
Rc5 34. Ra7 Ra2 35. Rc7 Rc3 36. f5 Rxg3+ 37. Kh1 Rxa4 38. Kh2 Rg5 39. f6+ Kh6
40. Re3 Rh4+ 41. Rh3 Rxh3+ 42. Kxh3 Rf5 43. Rxf7 Kg5 0-1

[Event "Cracovia 2008 op A"]
[Site "Krakow"]
[Date "2009.01.03"]
[Round "8.54"]
[White "Siwiec, Arkadiusz"]
[Black "Turcheniac, Mariya"]
[Result "0-1"]
[WhiteElo "2095"]
[BlackElo "1979"]
[PlyCount "164"]
[EventDate "2008.??.??"]

1. e4 c5 2. Nf3 Nc6 3. d4 cxd4 4. Nxd4 e5 5. Nb5 a6 6. Nd6+ Bxd6 7. Qxd6 Qf6 8.
Qxf6 Nxf6 9. f3 d5 10. exd5 Nxd5 11. c3 Bf5 12. g3 O-O-O 13. Kf2 h5 14. Nd2 h4
15. Bg2 hxg3+ 16. hxg3 Rxh1 17. Bxh1 Nb6 18. Bg2 Kc7 19. Nf1 Be6 20. Ne3 Na4
21. Bf1 Nxb2 22. Ke1 Nd3+ 23. Bxd3 Rxd3 24. Bd2 Rd8 25. a3 Na5 26. Rd1 Nb3 27.
Ke2 Nxd2 28. Rxd2 Rxd2+ 29. Kxd2 Kc6 30. Kd3 Kc5 31. Ke4 f6 32. Kd3 g6 33. Kc2
f5 34. Kd3 Bd5 35. f4 Be4+ 36. Kd2 exf4 37. gxf4 b5 38. Kd1 Kd6 39. Ke2 Ke6 40.
Kf2 Kf6 41. Kg3 g5 42. Nd1 gxf4+ 43. Kxf4 Ke6 44. Ne3 Kd6 45. Nd1 Kd5 46. Ne3+
Kc5 47. Ke5 Bd3 48. Kf4 Kb6 49. Nd1 Ka5 50. Nb2 Bc2 51. Ke3 Kb6 52. Kd2 Bb1 53.
c4 Kc5 54. cxb5 axb5 55. Kc3 Be4 56. Nd1 f4 57. Nf2 Bf5 58. Nd1 Kd5 59. Nf2 f3
60. Nd1 Ke4 61. Kd2 Kd4 62. Ne3 Bd3 63. Nd1 Bc4 64. Nf2 Be2 65. Ng4 Kc4 66. Kc2
Bd3+ 67. Kd2 Be4 68. Nf6 Bc6 69. Kc2 f2 70. Ng4 f1=N 71. Kb2 Be4 72. Nf6 Bc6
73. Ng4 Kd4 74. Kb3 Nd2+ 75. Kb4 Ne4 76. Nh6 Nd6 77. Ng4 Nc4 78. Nh6 Nxa3 79.
Kxa3 Kc3 80. Ng4 b4+ 81. Ka2 b3+ 82. Ka3 b2 0-1

[Event "Cracovia 2008 op A"]
[Site "Krakow"]
[Date "2009.01.03"]
[Round "8.55"]
[White "Wierzbicka, Wiktoria"]
[Black "Hansen, Knut"]
[Result "1-0"]
[WhiteElo "2056"]
[BlackElo "2076"]
[PlyCount "83"]
[EventDate "2008.??.??"]

1. e4 e6 2. d3 c5 3. Nd2 Nc6 4. Ngf3 d5 5. g3 Nf6 6. Bg2 Be7 7. O-O O-O 8. Re1
dxe4 9. dxe4 Qc7 10. e5 Nd5 11. Nf1 Bd7 12. c4 Nb6 13. Qe2 Rad8 14. Bf4 Nb8 15.
Ne3 Bc6 16. Ng4 Bxf3 17. Bxf3 Nc6 18. Be4 Nd4 19. Qf1 Qc8 20. Qh3 Nf5 21. Ne3
g6 22. Ng4 f6 23. Bxf5 gxf5 24. Nxf6+ Bxf6 25. exf6 Rf7 26. b3 Re8 27. Qh4 Nd7
28. Bg5 Nf8 29. Qf4 Nd7 30. Qh4 Nf8 31. Rad1 Rd8 32. Qf4 Rxd1 33. Rxd1 Rd7 34.
Rd6 Qc7 35. Rxd7 Qxd7 36. h4 h5 37. Bh6 Qf7 38. Qg5+ Ng6 39. Bg7 Nf8 40. Qh6
Nh7 41. Qe3 b6 42. Qe5 1-0

[Event "Cracovia 2008 op A"]
[Site "Krakow"]
[Date "2009.01.03"]
[Round "8.56"]
[White "Zakoscielna, Kinga"]
[Black "Gluszko, Monika"]
[Result "1/2-1/2"]
[WhiteElo "2147"]
[BlackElo "1901"]
[PlyCount "33"]
[EventDate "2008.??.??"]

1. e4 c5 2. Nf3 d6 3. d4 cxd4 4. Nxd4 Nf6 5. Nc3 Nc6 6. Bg5 e6 7. Qd2 Be7 8.
O-O-O O-O 9. Kb1 Nxd4 10. Qxd4 Qa5 11. f4 Rd8 12. Bd3 e5 13. Qf2 exf4 14. Bxf4
Be6 15. Bd2 Qe5 16. Be3 Qa5 17. Bd2 1/2-1/2

[Event "Cracovia 2008 op A"]
[Site "Krakow"]
[Date "2009.01.03"]
[Round "8.57"]
[White "Sroka, Janusz"]
[Black "Deriabina, Svetlana"]
[Result "0-1"]
[WhiteElo "2129"]
[BlackElo "2066"]
[PlyCount "84"]
[EventDate "2008.??.??"]

1. e4 e5 2. Nf3 Nc6 3. Nc3 Nf6 4. g3 Bb4 5. d3 d5 6. exd5 Nxd5 7. Bd2 Bg4 8. a3
Ba5 9. Bg2 Qd7 10. h3 Be6 11. Ng5 Nxc3 12. bxc3 Bd5 13. O-O Bxg2 14. Kxg2 h6
15. Nf3 O-O 16. c4 Bxd2 17. Qxd2 f5 18. Rfe1 Rae8 19. Rab1 b6 20. Rb5 Qd6 21.
Rd5 Qf6 22. Nh2 Re7 23. Kg1 Rfe8 24. c3 Na5 25. Rb5 Qd6 26. a4 Kh8 27. Rd5 Qf6
28. Rb5 c5 29. Rbb1 e4 30. dxe4 Nxc4 31. Qa2 Nd6 32. e5 Rxe5 33. Rxe5 Qxe5 34.
a5 b5 35. Nf3 Qe6 36. Qa3 Qe4 37. Nd2 Qe2 38. Nf1 Ne4 39. Rb2 Qc4 40. Rb3 a6
41. Ne3 Qe2 42. Rb2 Qf3 0-1